UBT Library

3-2-1 code it! / (Record no. 41713)

000 -LEADER
fixed length control field 00862cam a22003017a 4500
001 - CONTROL NUMBER
control field 16328089
005 - DATE AND TIME OF LATEST TRANSACTION
control field 20180205032509.0
008 - FIXED-LENGTH DATA ELEMENTS--GENERAL INFORMATION
fixed length control field 100712s2012 nyua b 001 0 eng d
010 ## - LIBRARY OF CONGRESS CONTROL NUMBER
LC control number 2010932347
020 ## - INTERNATIONAL STANDARD BOOK NUMBER
International Standard Book Number 9781111540586 (pbk.)
020 ## - INTERNATIONAL STANDARD BOOK NUMBER
International Standard Book Number 1111540586 (pbk.)
035 ## - SYSTEM CONTROL NUMBER
System control number (OCoLC)ocn712654664
040 ## - CATALOGING SOURCE
Original cataloging agency VQT
Transcribing agency VQT
Modifying agency DLC
041 ## - LANGUAGE CODE
Language code of text/sound track or separate title eng
042 ## - AUTHENTICATION CODE
Authentication code lccopycat
080 ## - UNIVERSAL DECIMAL CLASSIFICATION NUMBER
Universal Decimal Classification number 616.0012 mic
082 00 - DEWEY DECIMAL CLASSIFICATION NUMBER
Classification number 616.0012 mic
Edition number 23
100 1# - Rafti
Rafti 31
101 ## - Shkurtesa
Shkurtesa shk
245 10 - TITLE STATEMENT
Title 3-2-1 code it! /
Statement of responsibility, etc Michelle A. Green.
246 3# - VARYING FORM OF TITLE
Title proper/short title Three two one code it
246 3# - VARYING FORM OF TITLE
Title proper/short title 321 code it
246 30 - VARYING FORM OF TITLE
Title proper/short title Code it
504 ## - BIBLIOGRAPHY, ETC. NOTE
Bibliography, etc Includes bibliographical references and index.
906 ## - LOCAL DATA ELEMENT F, LDF (RLIN)
a 7
b cbc
c copycat
d 2
e ncip
f 20
g y-gencatlg
942 ## - ADDED ENTRY ELEMENTS (KOHA)
Source of classification or shelving scheme
Item type Books
Holdings
Withdrawn status Lost status Source of classification or shelving scheme Damaged status Not for loan Collection code Permanent location Current location Shelving location Date acquired Total Checkouts Full call number Barcode Date last seen Price effective from Koha item type
          Koleksioni i përgjithshem UBT - Lipjan UBT - Lipjan Koleksioni i përgjithshem 02/05/2018   616.0012 mic 002-2997519 02/05/2018 02/05/2018 Books
UBT Library © 2015-2024. All rights reserved University Education for Business and Technology